| 000 | 00574 a2200157 4500 | ||
|---|---|---|---|
| 008 | 111021t xxu||||| |||| 00| 0 eng d | ||
| 020 | _a226027147 | ||
| 050 |
_aREF PA881 _b.B38 1957 |
||
| 100 | _aArndt, William F. | ||
| 245 |
_aA Greek-English lexicon of the New Testament and other early Christian literature : _cWalter Bauer; William Arndt; F Wilbur Gingrich |
||
| 260 |
_aChicago _bUniversity of Chicago Press _c1957 |
||
| 300 |
_a909 p. ; _c26 cm. |
||
| 650 |
_aGreek language, Biblical _vDictionaries _xEnglish |
||
| 700 | _aGingrich, F. Wilbur | ||
| 942 |
_2lcc _cBK |
||
| 999 |
_c39584 _d39584 |
||